| 000 | 00991nam a2200301 a 4500 | ||
|---|---|---|---|
| 001 | 000044319 | ||
| 003 | DO-SdBPM | ||
| 005 | 20250206095046.0 | ||
| 007 | 000044319 | ||
| 008 | 140613s2013 dr a 000 0 spa d | ||
| 020 | _a9789945174953 | ||
| 040 |
_aDO-SdBPM _bspa _cBPMSU |
||
| 082 | 4 |
_aRD863.5 _b M828p 2013 _222 |
|
| 100 | 1 |
_aMorales Herrero, Tony, _d1973- |
|
| 245 | 1 | 3 |
_aEl pirata valiente / _cTony Morales Herrero ; ilustraciones Eduard A. Severino. |
| 260 |
_aSanto Domingo : _bS M, _c2013. |
||
| 300 |
_a87 p. : _bil. ; _c19 cm. |
||
| 490 | 0 |
_aEl barco de vapor, _v13 |
|
| 500 | _aIncluye datos biográficos del autor en la contracubierta | ||
| 590 | _aInventariado, 2025/VM | ||
| 650 | 4 | _aCuentos infantiles dominicanos | |
| 650 | 4 | _aLiteratura infantil deominicana | |
| 650 | 4 |
_aPiratas _vCuentos infantiles |
|
| 700 | 1 |
_aSeverino, Eduard A., _eilustraciones |
|
| 910 | _aVMateo V. Control de calidad. BPMSU | ||
| 930 | 1 |
_l _m _8 _f _p _g _h |
|
| 942 |
_2ddc _cBK |
||
| 999 |
_c7654 _d7654 |
||